01556cam a2200373 i 450000100090000000300090000900500170001800800410003502000350007602000380011104000380014908200200018710000400020724501510024726400380039826400100043630000450044633600260049133700280051733800270054549000240057250400510059665000370064765000400068465000530072465300140077765500170079170000390080885600820084785600910092994200120102099900170103295201330104913743343EG-ScBUE20260511134342.0041007t2005 njua f b 001 0 eng d a0470850167 (pbk. : alk. paper) a9780470850169 (pbk. : alk. paper) aDLCbengerdacDLCdDLCdEG-ScBUE04a543.65222bHEN1 aHenderson, William,eauthor.92313510aMass spectrometry of inorganic, coordination, and organometallic compounds :btools - techniques - tips /cWilliam Henderson and J. Scott McIndoe. 1aHoboken, NJ : bJ. Wiley,c[2005] 4cc2005 axx, 271 pages :billustrations ;c26 cm. 2rdacontentatextbtxt aunmediated2rdamediabn avolumebnc2rdacarrier0 aInorganic chemistry aIncludes bibliographical references and index. 7aMass spectrometry.2BUEsh923137 7aChemistry, Inorganic.2BUEsh923138 0aOrganometallic compoundsxSpectra.2BUEsh923139 cApril2011 vReading book1 aMcIndoe, J. Scott,eauthor.923140413Table of contents onlyuhttp://www.loc.gov/catdir/toc/ecip052/2004023728.html423Publisher descriptionuhttp://www.loc.gov/catdir/enhancements/fy0617/2004023728-d.html 2ddccBB c15131d15131 00102ddc40708BaccahaMAINbMAINc1STd2011-04-18ePurchaseg347.00h11997l0o543.65 HENp000023252r2025-07-15 00:00:00yBB